Normal view
MARC view
- Guzmán Acuña, Josefina
Entry Nombre Personal
001 - NUMERO DE CONTROL
- campo de control: 46833
003 - IDENTIFICADOR DE NUMERO DE CONTROL
- campo de control: DLC
005 - FECHA Y HORA DE LA ÜLTIMA TRANSACCIÓN
- campo de control: 20221012083516.0
008 - DATOS DE LONGITUD FIJA
- campo de control de longitud fija: 221012n| azannaabn |a aaa
010 ## - NÚMERO DE CONTROL DE LA BIBLIOTECA DEL CONGRESO
- Número de control LC: n 2010018051
035 ## - NUMERO DE CONTROL
- Número de control: (OCoLC)oca08440552
035 ## - NUMERO DE CONTROL
- Número de control: (CaEvSKY)skya9155162
040 ## - FUENTE DE CATALOGACIÓN
- Agencia original de catalogación: DLC
- Lenguaje de catalogación: spa
- Description conventions: rda
- Agencia de transcripción: DLC
- Agencia que lo modifica: CSt
- Agencia que lo modifica: MX-SlUA
- Agencia que lo modifica: MX-MxUPN
100 1# - ENCABEZAMIENTO - NOMBRE PERSONAL
- Nombre personal: Guzmán Acuña, Josefina
373 ## - GRUPO ASOCIADO
- Associated group: Universidad Autónoma de Tamaulipas
- Fuente del término: naf
375 ## - GÉNERO
- Gender: femenino
- Fuente del término: lcdgt
377 ## - LENGUA ASOCIADA
- Language code: spa
400 1# - VEÁSE - NOMBRE DE PERSONA
- Personal name: Acuña, Josefina Guzmán
670 ## - FUENTE EN LA QUE SE LOCALIZARON DATOS
- Cita de la fuente: Innovación educativa y tecnología, 2009:
- Información localizada: portada (Josefina Guzmán Acuña) página 9 (Universidad Autónoma de Tamaulipas)
670 ## - FUENTE EN LA QUE SE LOCALIZARON DATOS
- Cita de la fuente: Profesión académica, inequidades de género: situación de las académicas y su participación en los cuerpos académicos, ©2017:
- Información localizada: portada (Josefina Guzmán Acuña)
902 ## - CATALOGADOR
- Catalogador: NDAF/121022
